000
00276nam a2200109Ia 4500
001
1260271
005
20260417140328.0
008
260417s9999 xx 000 0 und d
020
_a
9786255998590
245
0
_a
Bozkır Suskundu
_c
Cengiz Aytmatov
260
_b
Ketebe Yayınları
999
_c
1260271
_d
1260271